🎤 Guess the Taylor Swift song (no hints) #1 - Statistics

General Stats
  • This quiz has been taken 127 times
  • The average score is 260 of 391
Answer Stats
Lyrics % Correct
I
100%
you
98%
You
98%
a
97%
the
95%
The
95%
(The
95%
me
91%
me?
91%
me)
91%
me),
91%
And
90%
and
90%
and,
90%
to
89%
your
89%
Your
89%
Do
87%
be
85%
on
85%
of
84%
so
83%
my
81%
No
80%
ever
79%
in
79%
Then
79%
know
78%
know,
78%
what
77%
all
76%
(All
76%
at
76%
I'm
76%
It's
76%
for
74%
that
74%
(That
74%
are
73%
Are
73%
just
73%
time
73%
But
72%
but
72%
look
72%
every
70%
like
70%
her
68%
with
68%
feel
67%
(Feel
67%
how
67%
did
66%
not
65%
had
64%
(Had
64%
high
64%
I'll
64%
knew
62%
night
62%
saw
62%
think
62%
think,
62%
from
61%
From
61%
school
61%
school)
61%
'Cause
60%
eye
60%
our
60%
Tell
60%
friends
58%
play
58%
blink
57%
first
57%
got
57%
wanna
57%
ball,
56%
boy,
56%
find
56%
us
56%
while
56%
'bout
55%
Aristotle
54%
around,
53%
dare,
53%
Get
53%
Touch
53%
wanted
53%
Grand
52%
new,
52%
Truth,
52%
Auto
51%
back
51%
crowd
51%
bottles
50%
hide
50%
or
50%
spin
50%
spin,
50%
car
49%
throttle
49%
babe
48%
full
48%
one's
48%
Pie
48%
Theft
48%
American
47%
Brand
47%
Saturday
47%
tryin'
47%
two
47%
watchin'
47%
gonna
46%
honor
46%
kiss,
46%
quiet
46%
really
46%
(Really)
46%
scout's
46%
again
45%
damn
45%
drink
45%
game,
45%
kill
45%
(Kill
45%
smokin'
45%
already
44%
laughin'
44%
swear,
44%
crinklin'
43%
fingers
43%
marry,
43%
three
43%
three)
43%
bros
42%
jokes
42%
true,
42%
lights
41%
middle
41%
pink
41%
practice
41%
sixteen
41%
suddenly
41%
twinklin'
41%
dad
40%
impression
40%
seat
40%
seat)
40%
Bittersweet
39%
isn't
38%
sinkin',
38%
Cheeks
37%
hearing
37%
sighs
37%
bettin'
36%
voices
36%
wrinkle
36%
pull
35%
stifle
35%
door,
34%
madman
34%
sweet?
33%
sweet)
33%
brink
29%
entwined
27%
No matching quizzes found
Score Distribution
Percent of People with Each Score
Percentile by Number Answered
Your Score History
You have not taken this quiz